000 00373pab a2200133 454500
008 180718b xxu||||| |||| 00| 0 eng d
100 _aPant K.C.
245 _aThe new world order and India's place in it
362 _a123(513), Jul-Sep 93, p.289-98
650 _a Military Service - India
650 _aDefence, National - India
773 _aU.S.I. Journal
909 _a26061
999 _c26061
_d26061